00294nam a2200097Ia 4500008004000000082002000040100004500060245005800105260002600163300000700189210210b1995 xxu||||| |||| 00| 0 eng d a001.642502 NATC aNATIONAL CENTRE for SOFTWARE TECHNOLOGY. aC S T: competence in software technology examination. aBangalorebNCSTc1995 a76